书目信息 |
| 题名: |
拉萨尔评传
|
|
| 作者: | 张文焕 著 | |
| 分册: | ||
| 出版信息: | 北京 人民出版社 1983 |
|
| 页数: | 181页 | |
| 开本: | 21cm | |
| 丛书名: | ||
| 单 册: | ||
| 中图分类: | D122 , D21 | |
| 科图分类: | ||
| 主题词: | 拉萨尔主义--研究 , 中国共产党 | |
| 电子资源: | ||
| ISBN: | ||
| 000 | 00700nam0 2200277 45 | |
| 001 | 0183005546 | |
| 005 | 20040427150626.4 | |
| 010 | @dCNY0.62 | |
| 091 | @a11001.551 | |
| 100 | @a19950621d1983 emky0chiy0121 ea | |
| 101 | 0 | @achi |
| 102 | @aCN@b110000 | |
| 105 | @ay z 000yy | |
| 106 | @ar | |
| 200 | 10 | @a拉萨尔评传@Ala sa er ping zhuan@f张文焕著 |
| 210 | @a北京@c人民出版社@d1983 | |
| 215 | @a181页@d21cm | |
| 600 | 1 | @a拉萨尔@bF.@x评传 |
| 606 | @a拉萨尔主义@x研究 | |
| 606 | 0 | @a中国共产党 |
| 690 | @aD122@v3 | |
| 690 | @aD21 | |
| 701 | 0 | @a张文焕@Azhang wen huan@4著 |
| 801 | 0 | @aCN@b上海图书馆@c20040427 |
| 801 | 2 | @aCN@bNLC@c20040427 |
| 905 | @f1@b94610@f1@b115301@dD21@e4 | |
| 拉萨尔评传/张文焕著.-北京:人民出版社,1983 |
| 181页;21cm |
| ISBN :CNY0.62 |
| ● |
| 相关链接 |
|
|
|
|
正题名:拉萨尔评传
索取号:D21/4
 
预约/预借
| 序号 | 登录号 | 条形码 | 馆藏地/架位号 | 状态 | 备注 |
| 1 | 0094610 | 001011381 | 密集书库/ [索取号:D21/4] | 在馆 | |
| 2 | 0115301 | 001009660 | 第一借阅区/ [索取号:D21/4] | 在馆 |